| 000 | 00755nam a2200205Ii 4500 | ||
|---|---|---|---|
| 003 | JO-AjNU | ||
| 008 | 230605s9999||||xx |||||||||||||| ||und|| | ||
| 017 | _a2007/11/3531 | ||
| 040 |
_aJO-AjNU _bara _erda _cJO-AjNU |
||
| 041 | _aara | ||
| 050 | 1 | 4 | _aHF 5415 .123 .H374. 2007 |
| 100 | 3 |
_aهاشم،طارق نائل, _eauthor _930808 |
|
| 245 | 0 | 0 | _aMarketing Information System= نظم المعلومات التسويقية |
| 264 | 3 | 1 | _aعمان:دار تسنيم للنشر والتوزيع؛2007 |
| 300 |
_a264ص _bيحتوي على ببلوغرافية من ص257-264ص |
||
| 336 |
_atext _btxt _2rdacontent |
||
| 337 |
_aunmediated _bn _2rdamedia |
||
| 338 |
_avolume _bnc _2rdacarrier |
||
| 650 | 4 |
_aالتسويق-نظم معلومات _930809 |
|
| 999 |
_aA12255 _c15823 _d15823 |
||